| 000 | 02199 a2200253 4500 | ||
|---|---|---|---|
| 001 | 56894 | ||
| 005 | 20260407155832.0 | ||
| 008 | 260407a1994 arg spa d | ||
| 003 | AR-UNSa-BCEJYS | ||
| 040 |
_aAR-UNSa-BCEJYS _bspa _cAR-UNSa-BCEJYS |
||
| 080 |
_a330.13 _xRentabilidad. Principio económico. Utilidad. Valor. Principio del valor |
||
| 245 | 1 | 0 | _aCost-benefit analysis |
| 020 | _a0-521-46674-1 | ||
| 250 | _a2a. ed. | ||
| 264 | 1 |
_aCambridge : _bCambridge University Press _c1994 |
|
| 300 |
_ax, 497 p. _c26 cm. |
||
| 505 | _a1. Shadow prices and markets: Policy reform shadow prices and market prices – 2. Shadow prices and markets: Feasibility constraints foreign exchange and shadow wages – 3. Discount rate: The rate of discount for benefitcost analysis and the theory of the second best – 4. Risk and uncertainty: Uncertainty and the evaluation of public investment decisions – 5. Income distribution: Allowing for income distribution – 6. The costs and benefits of analysis: Project appraisal and planning twenty years on – 7. Time saving: Research into the value of time – 8. Safety and the saving of life: The theory of equalizing differences – 9. Safety and the saving of life: The economics of safety and physical risk – 10. The environment: The environment and emerging development issues – 11. Exhaustible resources: Resource depletion research and development and the social rate of discount – 12. Regulation and deregulation: Enhancing the performance of the deregulated air transportation system – 13. Pricing: Pricing and congestion Economic principles relevant to pricing roads – 14. Public transport: The allocation of urban public transport subsidy – 15. Health care: QALYs and the equityefficiency tradeoff – 16. Infrastructure: Water vending activities in developing countries – 17. The Environment: Assessing the social rate of return from investment in temperate zone forestry | ||
| 041 | _aspa | ||
| 942 | _cBK | ||
| 590 | _aniveau_biblio:m niveau_hierar:0 | ||
| 100 | 1 | _aLayard, Richard | |
| 700 | 1 | _aGlaister, Stephen | |
| 856 | 4 | 1 |
_uhttps://biblioeco.unsa.edu.ar/pmb/images/libros/L128626.jpg _yImagen de portada _qimage/jpeg |
| 999 |
_c6065 _d6065 |
||